000 00691nam a22002177a 4500
003 OSt
005 20260421030006.0
008 250710b |||||||| |||| 00| 0 eng d
020 _a978-981-3350-56-4
040 _aDWC-Main Lib
_cOC
082 _aCirc. 612.8 P651b 2023
100 _aPinel, John P.
245 _aBiopsychology/
_cJohn P. Pinel & Steven J. Barnes
250 _aEleventh edition
260 _aHarlow, England:
_bPearson Education Limited,
_cc2023.
300 _a619 pages:
_billustrations;
_c25 cm.
504 _aIncludes glossary, bibliographical references, and index.
650 _a1. Biopsychology.
700 _aBarnes, Steven J.
942 _2ddc
_cBK-CIRC
_kCirc.
_n0
999 _c3586
_d3586